LEADER 01737nam a2200373 a 4500 001 000000174636 003 CaOOAMICUS 005 20210708123210.0 008 210708s2018 be u000 u eng r 020 $z978-94-6270-155-7* 032 $aLibriCat 040 $aPUL$bita$d 041 0 $aeng$alat$a$a$a 100 1 $aBaten, Henri,$d1246-1310.$0(OLS)http://pul/name/8449 245 04$aThe astrological autobiography of a medieval philosopher : $bHenry Bate's Nativitas (1280-81) / $cedited and introduced by Carlos Steel, Steven Vanden Broecke, David Juste and Shlomo Sela. 260 $aLeuven :$bUniversity Press,$c©2018. 300 $axi, 290 p.:$bill.;$c24 cm 490 1 $aAncient and medieval philosophy.$aSeries 1 ;$v17 500 $aContributi di vari autori. 500 $aComprende indici. 504 $aBibliografia in nota. 650 4$aAstrologia$yEvo medio.$0(OLS)http://pul/subject/28790 700 1 $aSela, Shlomo.$0(OLS)http://pul/name/112217 700 1 $aBroecke, Steven Vanden.$0(OLS)http://pul/name/112215 700 1 $aSteel, Carlos.$0(OLS)http://pul/name/3170 700 1 $aJuste, David.$0(OLS)http://pul/name/112216 830 0$aAncient and medieval philosophy.$nSeries 1 ;$v17.$0(OLS)http://pul/title/225 850 $aPUL 852 $aPUL$W1$xSL Religione 1$y3$m80 H 17$j198947$qStampati$B203579$CPULBib$Z2$F203579 $H135056 $82 941 1 $a8 996 $6020$z978-94-6270-155-7*$9(OLS)http://pul/number/168258 996 $6245$aThe astrological autobiography of a medieval philosopher : $bHenry Bate's Nativitas (1280-81) / $9(OLS)http://pul/title/215940 996 $6260$aLeuven :$bUniversity Press$9(OLS)http://pul/publisher/47947 LEADER 02013nam a2200397 u 4500 001 000000001236 003 CaOOAMICUS 005 20070226104306.0 008 940916s1965 be u000 u lat u 035 $a10027954 040 $aPUL(R)$bita 041 1 $alat$hgrc 100 0 $aAristoteles,$d384-322 a.C.$0(OLS)http://pul/name/792 240 10$aDe interpretatione$9(Aristoteles, 384-322 a.C.).$lLatino.$0(OLS)http://pul/title/1815 245 10$aDe interpretatione, vel Periermenias /$ctranslatio Boethii ; specimina translationum recentiorum edidit Laurentius Minio-Paluello ; translatio Guillelmi de Moerbeka ; edidit Gerardus Veroeke, revisit L. Minio-Paluello. 246 3 $aPeriermeneias 260 $aBruges :$bDesclée de Brouwer,$c1965. 300 $alxix, 128 p. ;$c26 cm 490 1 $aUnion académique internationale. Corpus philosophorum Medii Aevi academiarum consociatarum auspiciis et consilio editum. Aristoteles latinus ;$vII, 1-2 500 $aComprende indice. 504 $aBibliografia in nota. 700 1 $aVerbeke, Gérard,$d1910-$0(OLS)http://pul/name/1388 700 0 $aGuilelmus de Moerbeka,$d1215-1286.$0(OLS)http://pul/name/18966 700 1 $aBoethius, Anicius Manlius Torquatus Severinus,$d475/480-c. 524/525.$0(OLS)http://pul/name/1389 700 1 $aMinio Paluello, Lorenzo,$d1907-1986.$0(OLS)http://pul/name/1383 830 0$aCorpus philosophorum Medii Aevi.$pAristoteles latinus ;$vII, 1-2.$0(OLS)http://pul/title/996 850 $aPUL 852 $aPUL$W1$xSL Filosofia 1$y2$m82 M 1.2.1-2$j190214$nBK-PRI$b $qStampati$B1592$CPULBib$Z2$F1592 $81 900 $aAristotle,$d 384-322 a.C.$9792 900 $aAristotele,$d384-322 a.C.$9792 900 $aBoezio,$d475/480-c. 524/525$91389 941 1 $a8 961 $aINV: 32724 996 $6245$aDe interpretatione, vel Periermenias$9(OLS)http://pul/title/1816 996 $6246$aPeriermeneias$9(OLS)http://pul/title/1817 996 $6260$aBruges :$bDesclée de Brouwer$9(OLS)http://pul/publisher/48305